Tierra profanada : (Registro nro. 2298)

Detalles MARC
000 -CABECERA
Campo de control 01410cam a2200313 a 4500
005 - FECHA Y HORA DE LA ULTIMA TRANSACCION
Campo de control 20160127145651.0
008 - ELEMENTOS DE LONGITUD FIJA—INFORMACION GENERAL
Campo de control 981028s1995 ck abf b 000 0 spa d
020 ## - ISBN
ISBN 9589412149
040 ## - FUENTE DE CATALOGACIÓN
Agencia catalogadora original NYP
Agencia transcriptora NYP
Agencia Modificadora IXA
-- UIU
-- DLC
-- CO-BoIAVH
041 0# - IDIOMA
Código de idioma para texto/pista de sonido o título separado Español
044 ## - PAÍS DE PUBLICACIÓN
País de publicación Colombia
082 04 - NUMERO DE CLASIFICACION DECIMAL DEWEY
Número de clasificación 304.2
Número del ítem T56p
245 00 - MENCION DE TITULO
Título Tierra profanada :
Parte restante del título grandes proyectos en territorios indígenas de Colombia /
Mención de responsabilidad [Roberto Pineda Camacho ... et al.] ; Proyecto ONIC CECOIN GhK.
246 30 - FORMA VARIANTE DEL TITULO
Título propiamente dicho/forma breve del título Grandes proyectos en territorios indígenas de Colombia
250 ## - MENCION DE EDICION
Mención de edición 1. ed. en español.
260 ## - PUBLICACION, DISTRIBUCION, ETC. (PIE DE IMPRENTA)
Lugar de publicación, distribución, etc. Santafé de Bogotá, D.C., Colombia :
Nombre del editor, distribuidor, etc. Disloque Editores,
Fecha de publicación, distribución, etc. 1995.
300 ## - DESCRIPCION FISICA
Extensión 344 páginas, [31] páginas de placas :
Otros detalles físicos ilustraciones, mapas (algunas a color) ;
Dimensiones 34 x 24 cm.
504 ## - NOTA DE BIBLIOGRAFIA, ETC.
Nota de bibliografía Incluye referencias bibliográficas e índices.
650 #4 - ASIENTO SECUNDARIO DE MATERIA - TERMINO TEMATICO
Término temático o nombre geográfico como elemento de entrada Comunidades indígenas
Subdivisión general tenencia de la tierra
Subdivisión geográfica Colombia.
9 (RLIN) 54968
650 #4 - ASIENTO SECUNDARIO DE MATERIA - TERMINO TEMATICO
Término temático o nombre geográfico como elemento de entrada Comunidades indígenas
Subdivisión geográfica Colombia
Subdivisión general Aspectos sociales.
9 (RLIN) 54969
650 #0 - ASIENTO SECUNDARIO DE MATERIA - TERMINO TEMATICO
Término temático o nombre geográfico como elemento de entrada Ecología humana
Subdivisión geográfica Colombia.
9 (RLIN) 54970
650 #6 - ASIENTO SECUNDARIO DE MATERIA - TERMINO TEMATICO
Término temático o nombre geográfico como elemento de entrada Recursos naturales
Subdivisión geográfica Colombia.
9 (RLIN) 54971
650 #6 - ASIENTO SECUNDARIO DE MATERIA - TERMINO TEMATICO
Término temático o nombre geográfico como elemento de entrada Conservación de los recursos naturales
Subdivisión geográfica Colombia.
9 (RLIN) 54972
710 2# - ASIENTO SECUNDARIO - NOMBRE CORPORATIVO
Nombre corporativo o de jurisdicción como elemento de entrada Proyecto ONIC CECOIN GhK (Colombia)
9 (RLIN) 54973
710 2# - ASIENTO SECUNDARIO - NOMBRE CORPORATIVO
Nombre corporativo o de jurisdicción como elemento de entrada Organización Nacional Indígena de Colombia.
9 (RLIN) 54974
710 2# - ASIENTO SECUNDARIO - NOMBRE CORPORATIVO
Nombre corporativo o de jurisdicción como elemento de entrada Centro de Cooperación al Indígena (Colombia)
9 (RLIN) 31883
710 1# - ASIENTO SECUNDARIO - NOMBRE CORPORATIVO
Nombre corporativo o de jurisdicción como elemento de entrada Gesamthochschule Kassel.
9 (RLIN) 54975
942 ## - ELEMENTOS ADICIONALES (KOHA)
Sistema de clasificación Dewey Decimal Classification
Tipo de ítem Libro
Existencias
Withdrawn status Lost status Sistema de Clasificación Damaged status No para préstamo Colección Inventariado Ubicación Permanente Ubicación actual Fecha de adquisición Fuente de Valor Valor Total Checkouts Número topográfico Inventario / Código de Barras Date last seen Ejemplar Price effective from Forma de adquisición Tipo de material
    Dewey Decimal Classification     General Inventariado 2017 Bogotá Bogotá 17/05/2001 Instituto 39000.00   LB-304.2 T56p 006435 04/12/2012 Ej. 2 04/12/2012   Libro
    Dewey Decimal Classification     General Inventariado 2017 Sala Fabio Quevedo Sala Fabio Quevedo 17/05/2001 Instituto 39000.00   LB-304.2 T56p 003639 04/12/2012 Ej. 1 04/12/2012   Libro